00994 a2200205 45000010006000000050017000060080041000230030015000640400040000790800027001192450026001460200022001722640042001943000019002365050376002550410008006311000030006397000020006698560099006896066320260407155858.0260407a2014 arg spa dAR-UNSa-BCEJYS aAR-UNSa-BCEJYSbspacAR-UNSa-BCEJYS a174xEtica Profesional10aÉtica y competencia a978-84-9921-496-2 1aBarcelona :bEdiciones Octaedroc2014 a119 p.c21 cm. a1. La filosofía y la comprensión de la realidad: ética, política y filosofía de la educación - 2. Educación y sociedad: perspectiva política de la práctica educativa – 3. Las dimensiones de la competencia del educador – 4. Ética y competencia en el contexto de las organizaciones – 5. Competencia y utopía: práctica profesional y proyecto -  aspa1 aAzerêdo Rios, Terezinha1 aRomero, Bertran41uhttps://www.biblioeco.unsa.edu.ar/pmb/images/libros/L129294.jpgyImagen de portadaqimage/jpeg